Structural mechanics. (Record no. 546259)

000 -LEADER
fixed length control field 00450cam a22001571 4500
082 ## - DEWEY DECIMAL CLASSIFICATION NUMBER
Classification number 624.101
Author Mark CAR
-- D
100 1# - MAIN ENTRY--PERSONAL NAME
Personal name Carpenter, Samuel T.
9 (RLIN) 42319
245 10 - TITLE STATEMENT
Title Structural mechanics.
260 ## - PUBLICATION, DISTRIBUTION, ETC.
Place of publication, distribution, etc. New York,
Name of publisher, distributor, etc. Wiley
Date of publication, distribution, etc. [1960]
300 ## - PHYSICAL DESCRIPTION
Extent xi, 538 p.
Other physical details illus.
Dimensions 24 cm.
526 ## - STUDY PROGRAM INFORMATION NOTE
Program name 0
Interest level 0
Reading level 0
Title point value 624_101000000000000_CAR
650 #0 - SUBJECT ADDED ENTRY--TOPICAL TERM
Topical term or geographic name entry element Mechanics.
9 (RLIN) 10681
650 #0 - SUBJECT ADDED ENTRY--TOPICAL TERM
Topical term or geographic name entry element NUST/ MCE
9 (RLIN) 26909
650 #0 - SUBJECT ADDED ENTRY--TOPICAL TERM
Topical term or geographic name entry element Structural analysis (Engineering)
9 (RLIN) 654
942 ## - ADDED ENTRY ELEMENTS (KOHA)
Source of classification or shelving scheme
Koha item type Book
Holdings
Withdrawn status Lost status Source of classification or shelving scheme Damaged status Not for loan Permanent Location Current Location Date acquired Total Checkouts Full call number Barcode Date last seen Price effective from Koha item type
          Military College of Engineering (MCE) Military College of Engineering (MCE) 06/05/2014   624.101 CAR MCE-1785 06/05/2014 06/05/2014 Book
© 2023 Central Library, National University of Sciences and Technology. All Rights Reserved.